| 000 | 00435nam a2200181Ia 4500 | ||
|---|---|---|---|
| 001 | 9596 | ||
| 005 | 20260306161730.0 | ||
| 008 | 260306t2013||||xx |||||||||||||| ||spa|| | ||
| 041 | _aESP | ||
| 082 |
_a382.5 _bG22 |
||
| 100 |
_aGarcía Quispe, José Luis _eAUT |
||
| 245 | 0 | _aImportaciones- Aplicación contable | |
| 260 | _c2013 | ||
| 300 |
_a62 páginas : _c24 cm. |
||
| 650 | _aGEN | ||
| 654 | _aCAN | ||
| 942 |
_cLIB _dJUS _fJUS _2ddc _n |
||
| 999 |
_c9596 _d9596 |
||